000 00294nam a22001217a 4500
020 _a07-052506-4
082 _a530 RIC'I
100 _aRICHTMYER, F. K,KENNARD, E. H
_978510
245 _aINTRODUCTION TO MODERN PHYSICS
260 _aNEWYORK
_bMCGRAW HILL
_c1969
300 _a767P
942 _cBK
999 _c583620
_d583620